000 00927nam a2200253 a 4500
001 000037822
003 DO-SdBNP
005 20240412074258.0
008 130306s1998 dr r 000 e spa d
020 _a9768156090
040 _aDO-SdBNP
_bspa
_cBNPHU
082 _aRD863.44
_bV443b 1998
100 1 _aVeloz Maggiolo, Marcio,
_d1936-2021
_91104
245 1 3 _aEl buen ladrón y otros textos bíblicos /
_cMarcio Veloz Maggiolo.
250 _a2a. ed.
260 _aSanto Domingo :
_bLa Trinitaria,
_c1998.
300 _a193 p. ;
_c21 cm.
505 0 _aEl buen ladrón -- Judas -- Seis relatos: El joven rico. Las semillas y el árbol. El pollino sagrado. El dídimo. Lázaro. Las bodas de Caná -- El gallo de la pasión.
590 _aInventariado, 2020/VM
650 4 _aRelatos bíblicos españoles
_964274
650 0 _aLiteratura dominicana.
_967
910 _aValidado. Control de calidad MFF
942 _2ddc
_cLBS1
999 _c37312
_d37312